แสดงรายละเอียดบรรณานุกรม
  กลับหน้าหลัก

Brief Record : Get Marc (ISO 2709) : E-mail record : QR code ปิดหน้าต่าง
E-books : เกี่ยวกับ Collections
LEADER 00000nama 2200000uu 4500
001    201382
003     ULIBM
008    040531s2010 th m m a000 0 tha d
020    978-0-7817-6584-8
041    eng
050    WY106 A425c 2010
100    Allender,Judith A.
245 00 ^aCommunity health nursing : promotingฯ
246 0  ^aโครงการผลิตพยาบาลชุมชนฯ ครั้งที่1/2553.
250    ^a7 th ed.
260    New York. Wolters Kluwer/Lippincott Williams & Wilkins. 2010
300    ^a930 p.
500    ^aโครงการผลิตพยาบาลชุมชนฯ ครั้งที่1/2553.
600    I.Rector,cherie II.Warner,Kristine D.
650    1.Community Health Nursing 2.Public Health nursing 3.Health promotion.
995    001
999    ^aใช้งานได้ทุกระบบ
รายการนี้ยังไม่มีแท็ก
คุณยังไม่ได้ล็อกอิน คุณสามารถมีกิจกรรมร่วมกับเว็บไซต์ได้ แต่ต้องล็อกอินก่อน ::
  ล็อกอิน
ลำดับที่ ประเภท เลขเรียก สถานที่ สถานะ
1. หนังสือทั่วไป
หนังสือทั่วไป
WY106 A425c 2010  
  
หนังสือภาษาอังกฤษ On Shelf
  ขอยืม
   [แสดง 1/1 รายการ]

BibComment


ยังไม่เคยถูกคอมเมนท์

คอมเมนท์ทรัพยากรรายการนี้
  คอมเมนท์: Community health..
Bib 201382

 
 
 

 Union Library Management : ULibM
Copyright 2026. All Rights Reserved.
скачать бесплатно без регистрации порно красивый секс HD Sex Hindi sex

xxx gou

xxxx

bfxxx

xxxwww

Секса Видео

xxxx

Секса Видео

detube

geilexxx

C99 Shell

worms shell

blod xxx video
Ebony Coed Rihanna Rimes Takes A Dick In Her Young Twat priyaa indian fuck anal and pusssy hardcore indian women xxx desi hardcore fucking part 1 bengalixxxcouple